000 00602nam a2200217Ia 4500
001 275
005 20251205091409.0
008 251203t1998||||xx |||||||||||||| ||spa||
020 _a9972400921
041 _aESP
082 _a663.420985
_bG317
100 _aGarayar, Carlos,
_cAUT
245 0 _aCervesur :
_bun siglo bajo el solde los andes 1898-1998
260 _aLima :
_bEdiciones Peisa
_c1998
300 _a190 páginas :
_b ilustraciones, retratos ;
_c 31 cm.
650 _aTCA
653 _aCerveza; Perú, historia
654 _aCII
700 _aJochamowitz, Luis
942 _cLIB
_dJUS
_fMIP
_2ddc
999 _c275
_d275